[Event "Sofia MGU op 163rd"]
[Site "Sofia"]
[Date "2016.02.27"]
[Round "3"]
[White "Gelemerov, Yane"]
[Black "Stanchev, Plamen"]
[Result "0-1"]
[WhiteElo "2046"]
[BlackElo "1816"]
[PlyCount "74"]
[EventDate "2016.02.27"]
[EventType "swiss"]
[EventRounds "6"]
[EventCountry "BUL"]
[SourceTitle "CBM 171 Extra"]
[Source "ChessBase"]
[SourceDate "2016.04.26"]
[SourceVersion "1"]
[SourceVersionDate "2016.04.26"]
[SourceQuality "1"]

1. e4 d5 2. exd5 Nf6 3. Bb5+ Nbd7 4. c4 a6 5. Bxd7+ Bxd7 6. Nf3 e6 7. dxe6 Bxe6 8. b3 Qd3 9. Qe2 Qc2 10. 0-0 0-0-0 11. h3 Bc5 12. Na3 Qg6 13. Ne5 Qg3 14. Kh1 Qh4 15. Nf3 Qh5 16. Ng1 Bd4 17. Qxh5 Nxh5 18. Nc2 Bxa1 19. Nxa1 Bf5 20. Nf3 f6 21. Ne1 Nf4 22. Nac2 Ne2 23. Ne3 Bg6 24. Nf3 Be4 25. Nd5 Bxd5 26. cxd5 Nxc1 27. Rxc1 Rxd5 28. Kg1 Kd7 29. Kf1 Re8 30. h4 Re4 31. g3 g5 32. Rc2 Rd3 33. Kg2 g4 34. Nh2 h5 35. Nf1 Re2 36. Rc5 Rf3 37. Rxh5 Rexf2+ 0-1

[Event "Sofia MGU op 140th"]
[Site "Sofia"]
[Date "2015.03.22"]
[Round "4"]
[White "Stanchev, Plamen"]
[Black "Koleva, Aleksandrina"]
[Result "0-1"]
[WhiteElo "1848"]
[BlackElo "1819"]
[PlyCount "66"]
[EventDate "2015.03.21"]
[EventType "swiss"]
[EventRounds "6"]
[EventCountry "BUL"]
[SourceTitle "CBM 165 Extra"]
[Source "ChessBase"]
[SourceDate "2015.04.21"]
[SourceVersion "1"]
[SourceVersionDate "2015.04.21"]
[SourceQuality "1"]

1. e4 c5 2. Nf3 Nc6 3. d4 cxd4 4. c3 dxc3 5. Nxc3 e6 6. Bc4 d6 7. 0-0 Nf6 8. Qe2 Be7 9. Rd1 e5 10. h3 0-0 11. Bg5 Be6 12. Bb5 h6 13. Be3 Qa5 14. a3 Bb3 15. Rdc1 a6 16. Nd2 Be6 17. b4 Qd8 18. Bc4 Rc8 19. Bxe6 fxe6 20. Nf3 d5 21. exd5 exd5 22. b5 axb5 23. Nxb5 d4 24. Bd2 d3 25. Qd1 Nh7 26. Qa4 e4 27. Nfd4 Qd5 28. Be3 Ra8 29. Qd1 Nxd4 30. Nxd4 Bxa3 31. Rc7 Bb2 32. Rxa8 Rxa8 33. Nb3 Ra3 0-1

[Event "Sofia MGU op 140th"]
[Site "Sofia"]
[Date "2015.03.22"]
[Round "6"]
[White "Stanchev, Plamen"]
[Black "Mustedjeb, Anher"]
[Result "1/2-1/2"]
[WhiteElo "1848"]
[BlackElo "1695"]
[PlyCount "71"]
[EventDate "2015.03.21"]
[EventType "swiss"]
[EventRounds "6"]
[EventCountry "BUL"]
[SourceTitle "CBM 165 Extra"]
[Source "ChessBase"]
[SourceDate "2015.04.21"]
[SourceVersion "1"]
[SourceVersionDate "2015.04.21"]
[SourceQuality "1"]

1. e4 c5 2. Nc3 Nc6 3. f4 d6 4. Bb5 Bd7 5. Bxc6 Bxc6 6. Nf3 a6 7. 0-0 e6 8. d3 Qb6 9. Be3 Qxb2 10. Qd2 Qb6 11. d4 cxd4 12. Nxd4 Qc7 13. Qf2 Nf6 14. Qf3 e5 15. Nxc6 Qxc6 16. fxe5 dxe5 17. Nd5 Be7 18. Qf5 Qd6 19. Rad1 0-0 20. Nb6 Qc6 21. Nxa8 Rxa8 22. Qxe5 Re8 23. Qf5 Qxc2 24. e5 Qxf5 25. Rxf5 Ne4 26. Rd7 Bc5 27. Bxc5 Nxc5 28. Rdxf7 g6 29. Rf1 Rxe5 30. Rc7 b6 31. Rff7 Nd3 32. h3 Re1+ 33. Kh2 Nc5 34. Rg7+ Kf8 35. Rxh7 Kg8 36. Rhg7+ 1/2-1/2

[Event "Sofia MGU op 122nd"]
[Site "Sofia"]
[Date "2014.10.26"]
[Round "5"]
[White "Stanchev, Plamen"]
[Black "Bozilov, Dragan"]
[Result "1-0"]
[WhiteElo "1847"]
[BlackElo "1954"]
[PlyCount "79"]
[EventDate "2014.10.25"]
[EventType "swiss"]
[EventRounds "6"]
[EventCountry "BUL"]
[SourceTitle "EXT 2015"]
[Source "ChessBase"]
[SourceDate "2014.11.20"]
[SourceVersion "1"]
[SourceVersionDate "2014.11.20"]
[SourceQuality "1"]

1. e4 e5 2. d4 exd4 3. Nf3 Nc6 4. Bc4 Nf6 5. e5 d5 6. Bb5 Ne4 7. Nxd4 Bd7 8. Bxc6 bxc6 9. 0-0 Be7 10. f3 Nc5 11. f4 f6 12. b4 Ne6 13. Nxe6 Bxe6 14. f5 Bc8 15. Qh5+ Kf8 16. e6 Qe8 17. Qh4 Ba6 18. Rf3 c5 19. Rg3 Rg8 20. Qxh7 Qb5 21. Nd2 Qe2 22. Bb2 Bb5 23. Nf3 Qe3+ 24. Kh1 Qh6 25. Qxh6 gxh6 26. Rxg8+ Kxg8 27. bxc5 Kg7 28. Nd4 Bc4 29. Ba3 a6 30. Rb1 Bxa2 31. Rb7 Rc8 32. Nc6 Kf8 33. Bc1 Bxc5 34. Bxh6+ Ke8 35. Bg7 Bb6 36. h4 Bb1 37. h5 Bxc2 38. g4 Be4+ 39. Kh2 Be3 40. h6 1-0

[Event "Sofia MGU op 122nd"]
[Site "Sofia"]
[Date "2014.10.25"]
[Round "2"]
[White "Gelemerov, Yane"]
[Black "Stanchev, Plamen"]
[Result "1-0"]
[WhiteElo "2095"]
[BlackElo "1847"]
[PlyCount "61"]
[EventDate "2014.10.25"]
[EventType "swiss"]
[EventRounds "6"]
[EventCountry "BUL"]
[SourceTitle "EXT 2015"]
[Source "ChessBase"]
[SourceDate "2014.11.20"]
[SourceVersion "1"]
[SourceVersionDate "2014.11.20"]
[SourceQuality "1"]

1. e4 d5 2. e5 c5 3. f4 Nc6 4. Bb5 Bf5 5. Bxc6+ bxc6 6. d3 e6 7. Nf3 Qb6 8. Nc3 f6 9. 0-0 c4+ 10. d4 Nh6 11. Kh1 Bg4 12. exf6 gxf6 13. Na4 Qb5 14. b3 Nf5 15. Qe1 Kd7 16. Bb2 Bb4 17. Bc3 Bxc3 18. Qxc3 Nd6 19. Nc5+ Kc7 20. a4 Qb6 21. bxc4 Nxc4 22. Rab1 Qa5 23. Rb7+ Kc8 24. Qb3 Nb6 25. Rg7 h5 26. h3 Bf5 27. Nh4 Qd2 28. Nxf5 exf5 29. a5 Qxa5 30. Qd3 Rd8 31. Qxf5+ 1-0

[Event "Sofia MGU op 51st"]
[Site "Sofia"]
[Date "2012.02.12"]
[Round "4"]
[White "Krustev, Goran"]
[Black "Stanchev, Plamen"]
[Result "1-0"]
[WhiteElo "2005"]
[BlackElo "1847"]
[PlyCount "47"]
[EventDate "2012.02.11"]
[EventType "swiss"]
[EventRounds "6"]
[EventCountry "BUL"]
[SourceTitle "CBM 147 Extra"]
[Source "ChessBase"]
[SourceDate "2012.04.24"]
[SourceVersion "1"]
[SourceVersionDate "2012.04.24"]
[SourceQuality "1"]

1. d4 Nf6 2. Nf3 d6 3. Bf4 g6 4. e3 Bg7 5. Bd3 0-0 6. Nbd2 b6 7. c3 Bb7 8. Qc2 Nbd7 9. h4 Nh5 10. g4 Nxf4 11. exf4 e5 12. h5 e4 13. Nxe4 Nf6 14. hxg6 Nxe4 15. gxf7+ Rxf7 16. Bxe4 Bxe4 17. Qxe4 Re7 18. Ne5 Bxe5 19. fxe5 dxe5 20. dxe5 Qe8 21. 0-0-0 Rc8 22. f4 Qf7 23. Kb1 Rce8 24. Qd5 1-0

[Event "Sofia MGU op 34th"]
[Site "Sofia"]
[Date "2011.06.19"]
[Round "4"]
[White "Mladenov, Andrey"]
[Black "Stanchev, Plamen"]
[Result "0-1"]
[WhiteElo "1886"]
[BlackElo "1849"]
[PlyCount "90"]
[EventDate "2011.06.18"]
[EventType "swiss"]
[EventRounds "6"]
[EventCountry "BUL"]
[SourceTitle "CBM 142 Extra"]
[Source "ChessBase"]
[SourceDate "2011.06.27"]
[SourceVersion "1"]
[SourceVersionDate "2011.06.27"]
[SourceQuality "1"]

1. e4 e6 2. d4 d5 3. Nc3 Nc6 4. e5 f6 5. f4 Bd7 6. Nf3 Bb4 7. Bd3 Qe7 8. 0-0 0-0-0 9. Bd2 Nh6 10. a3 Ba5 11. b4 Bb6 12. Be3 Ng4 13. Qe2 Be8 14. h3 Nxe3 15. Qxe3 f5 16. Rfb1 Bh5 17. Na4 Bxf3 18. Nxb6+ axb6 19. b5 Nxd4 20. Qxd4 Be4 21. Qa4 Qc5+ 22. Kh2 Qf2 23. Bxe4 Qxf4+ 24. Kh1 Qxe4 25. Qa8+ Kd7 26. Qxb7 Rc8 27. Qc6+ Ke7 28. Re1 Qc4 29. Qxc4 dxc4 30. Re3 Rhd8 31. a4 Ra8 32. Rc3 Rd4 33. Re3 Ra7 34. c3 Rd3 35. Rf3 Ra8 36. Rxd3 cxd3 37. Kg1 Rd8 38. Kf2 Rd5 39. Ke3 d2 40. Ke2 Rxe5+ 41. Kxd2 g5 42. Kd3 h5 43. Ra2 g4 44. hxg4 hxg4 45. Kd4 Re1 0-1

[Event "Sofia MGU op 34th"]
[Site "Sofia"]
[Date "2011.06.18"]
[Round "2"]
[White "Orev, Petar"]
[Black "Stanchev, Plamen"]
[Result "1-0"]
[WhiteElo "2224"]
[BlackElo "1849"]
[PlyCount "85"]
[EventDate "2011.06.18"]
[EventType "swiss"]
[EventRounds "6"]
[EventCountry "BUL"]
[SourceTitle "CBM 142 Extra"]
[Source "ChessBase"]
[SourceDate "2011.06.27"]
[SourceVersion "1"]
[SourceVersionDate "2011.06.27"]
[SourceQuality "1"]

1. e4 c5 2. Ne2 Nc6 3. g3 g6 4. Bg2 Bg7 5. 0-0 Nf6 6. d4 cxd4 7. Nxd4 0-0 8. c4 Qb6 9. Nc2 d6 10. Nc3 Bg4 11. Bf3 Bxf3 12. Qxf3 Nd4 13. Nxd4 Qxd4 14. Nd5 Nxd5 15. cxd5 Rfc8 16. Rd1 Qa4 17. a3 Rc2 18. Rb1 Rac8 19. b3 Qa5 20. a4 Qb4 21. Qd3 R8c3 22. Bd2 Qc5 23. Qb5 Qxb5 24. axb5 Rc5 25. Be3 Rxb5 26. Bxa7 Ra5 27. Be3 Raa2 28. Rdc1 Kf8 29. Rxc2 Rxc2 30. Rc1 Rxc1+ 31. Bxc1 Ke8 32. Kf1 Kd7 33. Ke2 Kc7 34. Kd3 b5 35. Be3 Ba1 36. g4 Bb2 37. Bg5 Kd7 38. h3 Be5 39. Bd2 Bb2 40. f4 f6 41. h4 h6 42. Bc3 Bc1 43. f5 1-0

[Event "Sofia MGU op 34th"]
[Site "Sofia"]
[Date "2011.06.18"]
[Round "3"]
[White "Stanchev, Plamen"]
[Black "Vasova, Mariya"]
[Result "0-1"]
[WhiteElo "1849"]
[BlackElo "1788"]
[PlyCount "96"]
[EventDate "2011.06.18"]
[EventType "swiss"]
[EventRounds "6"]
[EventCountry "BUL"]
[SourceTitle "CBM 142 Extra"]
[Source "ChessBase"]
[SourceDate "2011.06.27"]
[SourceVersion "1"]
[SourceVersionDate "2011.06.27"]
[SourceQuality "1"]

1. e4 Nc6 2. Nf3 d6 3. d4 Bg4 4. Be2 e6 5. 0-0 Nf6 6. Nc3 Be7 7. d5 exd5 8. exd5 Bxf3 9. Bxf3 Ne5 10. Bf4 Ng6 11. Bg3 0-0 12. Re1 Nd7 13. Be2 Bg5 14. Qd4 f5 15. f4 Bf6 16. Qd2 Ne7 17. Bf3 a5 18. Bf2 b6 19. Re2 Nc5 20. Bxc5 bxc5 21. Rae1 Qd7 22. Qd3 Rab8 23. Nd1 Ng6 24. g3 Qa4 25. b3 Qd7 26. Kg2 a4 27. Qa6 axb3 28. cxb3 Ra8 29. Qc6 Qxc6 30. dxc6 Bd4 31. Ne3 Bxe3 32. Rxe3 Rxa2+ 33. R1e2 Rxe2+ 34. Rxe2 Rb8 35. Ra2 Kf8 36. Ra7 Rc8 37. Rb7 Ne7 38. Rb5 Kf7 39. Kf2 Ke6 40. Ke3 d5 41. Rxc5 Kd6 42. Rb5 Kxc6 43. Be2 Kd6 44. b4 Ra8 45. Kd2 g6 46. Rc5 Nc6 47. Rb5 Ra2+ 48. Kd3 Rb2 0-1

[Event "Sofia MGU op 13th"]
[Site "Sofia"]
[Date "2010.08.01"]
[Round "5"]
[White "Krustev, Goran"]
[Black "Stanchev, Plamen"]
[Result "1-0"]
[WhiteElo "2005"]
[BlackElo "1857"]
[PlyCount "61"]
[EventDate "2010.07.31"]
[EventType "swiss"]
[EventRounds "6"]
[EventCountry "BUL"]
[SourceTitle "CBM 137 Extra"]
[Source "ChessBase"]
[SourceDate "2010.09.01"]
[SourceVersion "1"]
[SourceVersionDate "2010.09.01"]
[SourceQuality "1"]

1. e4 c6 2. d4 d5 3. e5 Bf5 4. g4 Bg6 5. h4 h6 6. h5 Bh7 7. e6 fxe6 8. Bd3 Bxd3 9. Qxd3 Kd7 10. Nf3 Qe8 11. Bf4 Kc8 12. Ne5 Nf6 13. Nd2 Nbd7 14. Ndf3 Nxe5 15. Nxe5 Nd7 16. Ng6 Rg8 17. Qe3 Qf7 18. 0-0-0 e5 19. Nxe5 Nxe5 20. Qxe5 e6 21. Rhe1 Bb4 22. c3 Ba5 23. Qxe6+ Qxe6 24. Rxe6 Rf8 25. Bg3 Bd8 26. Rde1 Bf6 27. Bd6 Rd8 28. Be7 Bxe7 29. Rxe7 Rd7 30. Re8+ Rd8 31. R1e7 1-0

[Event "Sofia MGU op 11th"]
[Site "Sofia"]
[Date "2010.07.17"]
[Round "3"]
[White "Kostov, Nikolai"]
[Black "Stanchev, Plamen"]
[Result "1-0"]
[WhiteElo "1998"]
[BlackElo "1857"]
[PlyCount "57"]
[EventDate "2010.07.17"]
[EventType "swiss"]
[EventRounds "6"]
[EventCountry "BUL"]
[SourceTitle "CBM 137 Extra"]
[Source "ChessBase"]
[SourceDate "2010.09.01"]
[SourceVersion "1"]
[SourceVersionDate "2010.09.01"]
[SourceQuality "1"]

1. d4 Nf6 2. c4 c5 3. Nf3 g6 4. Nc3 Bg7 5. e4 cxd4 6. Nxd4 0-0 7. Be2 Nc6 8. Be3 Qa5 9. 0-0 e6 10. Nb3 Qd8 11. Bc5 Re8 12. Bd6 Bf8 13. e5 Bxd6 14. Qxd6 Nh5 15. Bxh5 gxh5 16. f4 Ne7 17. Ne4 Nf5 18. Qd1 Qh4 19. Rf3 Kh8 20. Nd4 Ng7 21. Nf6 Rf8 22. Qf1 d6 23. g3 dxe5 24. gxh4 exd4 25. Qd3 Nf5 26. Rg3 b6 27. Rg5 Rb8 28. Rxf5 exf5 29. Qxd4 1-0

[Event "Sofia MGU op 11th"]
[Site "Sofia"]
[Date "2010.07.17"]
[Round "1"]
[White "Krustev, Goran"]
[Black "Stanchev, Plamen"]
[Result "1-0"]
[WhiteElo "2005"]
[BlackElo "1857"]
[PlyCount "81"]
[EventDate "2010.07.17"]
[EventType "swiss"]
[EventRounds "6"]
[EventCountry "BUL"]
[SourceTitle "CBM 137 Extra"]
[Source "ChessBase"]
[SourceDate "2010.09.01"]
[SourceVersion "1"]
[SourceVersionDate "2010.09.01"]
[SourceQuality "1"]

1. e4 e6 2. d4 d5 3. e5 c5 4. b4 cxd4 5. a3 Nc6 6. Nf3 f6 7. Bb5 Qb6 8. Nxd4 Bd7 9. Bxc6 bxc6 10. Be3 Qc7 11. f4 c5 12. bxc5 Bxc5 13. c3 g6 14. 0-0 f5 15. Nd2 Ne7 16. Kh1 0-0 17. N2f3 h6 18. Qe1 Kf7 19. Qh4 Ng8 20. Ng5+ hxg5 21. Qh7+ Ke8 22. Nxe6 Bxe6 23. Qxc7 Bxe3 24. Rab1 Bb6 25. Qb7 Rc8 26. a4 Rc7 27. Rxb6 Rxb7 28. Rxb7 Rf7 29. Rb8+ Kd7 30. Rxg8 gxf4 31. Rxg6 Ke7 32. Rxf4 Bd7 33. a5 Bb5 34. Rf6 Rxf6 35. exf6+ Kxf6 36. g4 Kg5 37. Rxf5+ Kxg4 38. Rxd5 Bc6 39. c4 Kf4 40. h4 Kg4 41. h5 1-0

[Event "Sofia MGU op 11th"]
[Site "Sofia"]
[Date "2010.07.17"]
[Round "2"]
[White "Stanchev, Plamen"]
[Black "Ivanov, Oleg2222"]
[Result "1-0"]
[WhiteElo "1857"]
[BlackElo "1833"]
[PlyCount "71"]
[EventDate "2010.07.17"]
[EventType "swiss"]
[EventRounds "6"]
[EventCountry "BUL"]
[SourceTitle "CBM 137 Extra"]
[Source "ChessBase"]
[SourceDate "2010.09.01"]
[SourceVersion "1"]
[SourceVersionDate "2010.09.01"]
[SourceQuality "1"]

1. e4 c5 2. Nc3 Nc6 3. f4 g6 4. Nf3 Bg7 5. Bb5 a6 6. Bxc6 dxc6 7. 0-0 Nf6 8. d3 Bg4 9. Qe1 Qc7 10. Ne5 Be6 11. Be3 b6 12. Qf2 Ng4 13. Nxg4 Bxg4 14. f5 0-0-0 15. h3 h5 16. hxg4 hxg4 17. Qf4 Be5 18. Qxg4 Kb7 19. fxg6 fxg6 20. Bf4 Bd4+ 21. Rf2 e5 22. Bg3 Qh7 23. Qh3 Qf7 24. Qg4 Rdf8 25. Nd1 Qh7 26. Kf1 Bxf2 27. Bxf2 Rf4 28. Qh3 Qg7 29. Qg3 Qh6 30. Ke2 Qh5+ 31. Kd2 Rhf8 32. Be3 Rg4 33. Qh3 Rf1 34. Nf2 Rxa1 35. Qxg4 Qxg4 36. Nxg4 1-0

[Event "Sofia Asenova&Ivanova Memorial"]
[Site "Sofia"]
[Date "2010.04.26"]
[Round "8"]
[White "Sofranov, Velizar"]
[Black "Stanchev, Plamen"]
[Result "1-0"]
[WhiteElo "1998"]
[BlackElo "1853"]
[PlyCount "91"]
[EventDate "2010.04.21"]
[EventType "swiss"]
[EventRounds "9"]
[EventCountry "BUL"]
[SourceTitle "CBM 135 Extra"]
[Source "ChessBase"]
[SourceDate "2010.05.04"]
[SourceVersion "1"]
[SourceVersionDate "2010.05.04"]
[SourceQuality "1"]

1. d4 Nf6 2. c4 g6 3. Nf3 Bg7 4. g3 0-0 5. Bg2 d6 6. 0-0 c6 7. Nc3 Qa5 8. h3 Be6 9. Nd2 d5 10. Nb3 Qd8 11. Nc5 Bc8 12. cxd5 cxd5 13. Bf4 b6 14. Nd3 Bb7 15. Qb3 e6 16. g4 Nc6 17. e3 Ba6 18. Rfd1 Na5 19. Qa4 Qd7 20. Ne5 Qxa4 21. Nxa4 Rfc8 22. Rac1 Rxc1 23. Rxc1 Rc8 24. Rxc8+ Bxc8 25. Nc3 Nc4 26. Nxc4 dxc4 27. Bf1 Nd5 28. Bb8 Nxc3 29. bxc3 a6 30. Bxc4 Bb7 31. a4 Bc6 32. Bxa6 Bxa4 33. c4 e5 34. d5 Bf8 35. d6 f5 36. gxf5 Kf7 37. fxg6+ hxg6 38. Bb5 Bxb5 39. cxb5 Ke6 40. d7 Kxd7 41. Bxe5 Be7 42. Kg2 Ke6 43. Bd4 Bd8 44. e4 Bc7 45. Kf3 g5 46. Kg4 1-0

[Event "Sofia Asenova&Ivanova Memorial"]
[Site "Sofia"]
[Date "2010.04.23"]
[Round "5"]
[White "Stanchev, Plamen"]
[Black "Andreev, Dobrotich"]
[Result "1-0"]
[WhiteElo "1853"]
[BlackElo "2071"]
[PlyCount "69"]
[EventDate "2010.04.21"]
[EventType "swiss"]
[EventRounds "9"]
[EventCountry "BUL"]
[SourceTitle "CBM 135 Extra"]
[Source "ChessBase"]
[SourceDate "2010.05.04"]
[SourceVersion "1"]
[SourceVersionDate "2010.05.04"]
[SourceQuality "1"]

1. e4 c6 2. d4 d5 3. exd5 cxd5 4. Bd3 Nc6 5. c3 Nf6 6. Bf4 Bg4 7. Qb3 Qd7 8. Nd2 e6 9. Ngf3 a6 10. 0-0 Be7 11. Qc2 Bxf3 12. Nxf3 h6 13. Rae1 0-0 14. Qe2 Qd8 15. Ne5 Nxe5 16. dxe5 Nd7 17. Qg4 Bg5 18. Bg3 Qb6 19. Re2 Nc5 20. Bb1 Ne4 21. Bxe4 dxe4 22. Qxe4 Rfd8 23. Kh1 g6 24. h4 Be7 25. h5 g5 26. f4 Rd7 27. fxg5 hxg5 28. Ref2 Bf8 29. Qg4 Bh6 30. Rf6 Kg7 31. Bh4 Rg8 32. Bxg5 Bxg5 33. Qxg5+ Kf8 34. Qh6+ Rg7 35. Rg6 1-0

[Event "Sofia MGU op 05th"]
[Site "Sofia"]
[Date "2010.03.27"]
[Round "1"]
[White "Ivanov, Borislav"]
[Black "Stanchev, Plamen"]
[Result "1-0"]
[WhiteElo "2156"]
[BlackElo "1853"]
[PlyCount "57"]
[EventDate "2010.03.27"]
[EventType "swiss"]
[EventRounds "6"]
[EventCountry "BUL"]
[SourceTitle "CBM 135 Extra"]
[Source "ChessBase"]
[SourceDate "2010.05.04"]
[SourceVersion "1"]
[SourceVersionDate "2010.05.04"]
[SourceQuality "1"]

1. d4 Nf6 2. c4 c5 3. d5 b5 4. cxb5 a6 5. bxa6 Bxa6 6. Nc3 g6 7. Nf3 Bg7 8. Nd2 0-0 9. e4 Bxf1 10. Nxf1 d6 11. Ne3 Nfd7 12. 0-0 Nb6 13. Qe2 N8d7 14. Bd2 Qc8 15. b3 Qb7 16. a4 Rfb8 17. Rab1 Qa6 18. Nb5 Rb7 19. Rfc1 Nc8 20. Nc4 Na7 21. Nxa7 Raxa7 22. Qe1 Ne5 23. Nxe5 Bxe5 24. Bc3 Bxc3 25. Qxc3 Rb4 26. e5 Rd4 27. exd6 exd6 28. Rd1 Qe2 29. Re1 1-0

[Event "Sofia MGU op 04th"]
[Site "Sofia"]
[Date "2010.03.07"]
[Round "6"]
[White "Stanchev, Plamen"]
[Black "Naydenova, Yordanka"]
[Result "1/2-1/2"]
[WhiteElo "1853"]
[BlackElo "1926"]
[PlyCount "64"]
[EventDate "2010.03.06"]
[EventType "swiss"]
[EventRounds "6"]
[EventCountry "BUL"]
[SourceTitle "CBM 135 Extra"]
[Source "ChessBase"]
[SourceDate "2010.05.04"]
[SourceVersion "1"]
[SourceVersionDate "2010.05.04"]
[SourceQuality "1"]

1. e4 e5 2. Nc3 Bc5 3. f4 d6 4. Nf3 Nc6 5. Na4 Bb6 6. Nxb6 axb6 7. d4 exd4 8. Nxd4 Nf6 9. Nxc6 bxc6 10. Bd3 0-0 11. 0-0 Re8 12. Re1 Bg4 13. Qd2 c5 14. f5 c4 15. Bxc4 Nxe4 16. Qd5 Qe7 17. Bg5 Qxg5 18. Rxe4 Qxf5 19. Qxf7+ Qxf7 20. Bxf7+ Kxf7 21. Rxg4 Re2 22. Rf4+ Ke6 23. Rf2 Rxf2 24. Kxf2 d5 25. a3 Rf8+ 26. Ke3 Ke5 27. Re1 Kd6 28. Rd1 c5 29. c3 Ke5 30. Rd2 Rf6 31. h3 h6 32. Re2 Kd6 1/2-1/2

[Event "Sofia MGU op 03rd"]
[Site "Sofia"]
[Date "2010.02.27"]
[Round "3"]
[White "Stanchev, Plamen"]
[Black "Toshev, Vladimir"]
[Result "0-1"]
[WhiteElo "1853"]
[BlackElo "1870"]
[PlyCount "56"]
[EventDate "2010.02.27"]
[EventType "swiss"]
[EventRounds "6"]
[EventCountry "BUL"]
[SourceTitle "CBM 135 Extra"]
[Source "ChessBase"]
[SourceDate "2010.05.04"]
[SourceVersion "1"]
[SourceVersionDate "2010.05.04"]
[SourceQuality "1"]

1. e4 e5 2. Nc3 Nf6 3. f4 d6 4. Nf3 exf4 5. d4 Be7 6. Bxf4 0-0 7. Qd2 c6 8. 0-0-0 b5 9. Bd3 Qa5 10. Kb1 b4 11. Ne2 Be6 12. Nc1 Na6 13. Ng5 Rab8 14. e5 Nd5 15. Nxe6 fxe6 16. Nb3 Nc3+ 17. Qxc3 bxc3 18. Nxa5 Rxb2+ 19. Ka1 Nb4 20. Bc1 Rxa2+ 21. Kb1 Rxa5 22. exd6 Rb8 23. Bc4 Bxd6 24. Bxe6+ Kh8 25. Bb3 Nd5 26. g3 h6 27. Rhf1 Rb6 28. Bf4 Rba6 0-1

[Event "Sofia MGU op 03rd"]
[Site "Sofia"]
[Date "2010.02.27"]
[Round "1"]
[White "Stanchev, Plamen"]
[Black "Vladimirova, Maria"]
[Result "0-1"]
[WhiteElo "1853"]
[BlackElo "2086"]
[PlyCount "54"]
[EventDate "2010.02.27"]
[EventType "swiss"]
[EventRounds "6"]
[EventCountry "BUL"]
[SourceTitle "CBM 135 Extra"]
[Source "ChessBase"]
[SourceDate "2010.05.04"]
[SourceVersion "1"]
[SourceVersionDate "2010.05.04"]
[SourceQuality "1"]

1. e4 c5 2. d4 cxd4 3. c3 dxc3 4. Nxc3 e6 5. Bc4 Bb4 6. Nf3 Qc7 7. Qd3 Nc6 8. 0-0 a6 9. a3 Be7 10. Be3 Nf6 11. h3 b5 12. Ba2 0-0 13. Rac1 Ne5 14. Nxe5 Qxe5 15. f4 Qb8 16. e5 Ne8 17. Bb1 g6 18. Ne4 d6 19. exd6 Nxd6 20. Nxd6 Bxd6 21. Rc6 Rd8 22. Rfc1 Bb7 23. R6c3 Bxf4 24. Qe2 Bh2+ 25. Kh1 Bd5 26. Bg5 Re8 27. Qf2 Be5 0-1

[Event "Baharov Memorial op 17th"]
[Site "Sofia"]
[Date "2009.11.21"]
[Round "5"]
[White "Gogov, Kiril"]
[Black "Stanchev, Plamen"]
[Result "0-1"]
[WhiteElo "1492"]
[BlackElo "1924"]
[PlyCount "46"]
[EventDate "2009.11.18"]
[EventType "swiss"]
[EventRounds "7"]
[EventCountry "BUL"]
[SourceTitle "CBM 133 Extra"]
[Source "ChessBase"]
[SourceDate "2010.01.05"]
[SourceVersion "1"]
[SourceVersionDate "2010.01.05"]
[SourceQuality "1"]

1. e4 e6 2. d4 d5 3. exd5 exd5 4. Nf3 Nf6 5. Bf4 Bd6 6. Bg3 Nc6 7. Bb5 Bd7 8. 0-0 0-0 9. Bxd6 cxd6 10. c3 Qb6 11. Bxc6 bxc6 12. b3 Rfe8 13. Re1 Ne4 14. Nfd2 f5 15. Nxe4 dxe4 16. Nd2 d5 17. f3 e3 18. Nf1 f4 19. g3 g5 20. c4 e2 21. Rxe2 Rxe2 22. Qxe2 Qxd4+ 23. Kg2 Qxa1 0-1

[Event "Sofia Ivis op"]
[Site "Sofia"]
[Date "2009.10.18"]
[Round "7"]
[White "Stanchev, Plamen"]
[Black "Spassov, Borislav"]
[Result "1/2-1/2"]
[WhiteElo "1898"]
[BlackElo "1717"]
[PlyCount "34"]
[EventDate "2009.10.14"]
[EventType "swiss"]
[EventRounds "7"]
[EventCountry "BUL"]
[SourceTitle "CBM 132 Extra"]
[Source "ChessBase"]
[SourceDate "2009.11.03"]
[SourceVersion "1"]
[SourceVersionDate "2009.11.03"]
[SourceQuality "1"]

1. e4 d6 2. Nc3 Nf6 3. d4 g6 4. f4 Bg7 5. Nf3 c5 6. Bb5+ Bd7 7. Bxd7+ Nfxd7 8. dxc5 Nxc5 9. e5 0-0 10. exd6 Qxd6 11. 0-0 Nc6 12. Qxd6 exd6 13. Nb5 Rad8 14. Rd1 Ne4 15. c3 a6 16. Nbd4 Rfe8 17. Nb3 Nc5 1/2-1/2

[Event "Sofia Ivis op"]
[Site "Sofia"]
[Date "2009.10.17"]
[Round "4"]
[White "Stanchev, Plamen"]
[Black "Kosturski, Ivan"]
[Result "0-1"]
[WhiteElo "1898"]
[BlackElo "1746"]
[PlyCount "36"]
[EventDate "2009.10.14"]
[EventType "swiss"]
[EventRounds "7"]
[EventCountry "BUL"]
[SourceTitle "CBM 132 Extra"]
[Source "ChessBase"]
[SourceDate "2009.11.03"]
[SourceVersion "1"]
[SourceVersionDate "2009.11.03"]
[SourceQuality "1"]

1. e4 g6 2. d4 Bg7 3. c4 Nc6 4. e5 f6 5. f4 fxe5 6. fxe5 e6 7. Nf3 b6 8. Be2 Bb7 9. 0-0 Nce7 10. Ng5 Nh6 11. d5 exd5 12. e6 dxc4 13. Nf7 Nxf7 14. Rxf7 Bf8 15. Qd4 Rg8 16. Rxh7 dxe6 17. Qxc4 Qd5 18. Qg4 Qc5+ 0-1